|
|
|
|
| LEADER |
01539nam a2200397Ia 4500 |
| 001 |
EBC894075 |
| 003 |
MiAaPQ |
| 005 |
20200520144314.0 |
| 006 |
m o d | |
| 007 |
cr cn||||||||| |
| 008 |
120413s2012 gw sb 001 0 eng d |
| 010 |
|
|
|z 2012012841
|
| 020 |
|
|
|z 9783110291926
|
| 020 |
|
|
|z 9783110291773 (hardcover : alk. paper)
|
| 020 |
|
|
|z 3110291770 (hardcover : alk. paper)
|
| 035 |
|
|
|a (MiAaPQ)EBC894075
|
| 035 |
|
|
|a (Au-PeEL)EBL894075
|
| 035 |
|
|
|a (CaPaEBR)ebr10634562
|
| 035 |
|
|
|a (CaONFJC)MIL416976
|
| 035 |
|
|
|a (OCoLC)826652890
|
| 040 |
|
|
|a MiAaPQ
|c MiAaPQ
|d MiAaPQ
|
| 050 |
|
4 |
|a BT736.4
|b .F77 2012
|
| 245 |
0 |
0 |
|a From just war to modern peace ethics
|h [electronic resource] /
|c edited by Heinz-Gerhard Justenhoven and William A. Barbieri, Jr.
|
| 260 |
|
|
|a Berlin ;
|a Boston :
|b De Gruyter,
|c c2012.
|
| 300 |
|
|
|a vi, 353 p.
|
| 490 |
1 |
|
|a Arbeiten zur Kirchengeschichte,
|x 1861-5996 ;
|v Bd. 120
|
| 504 |
|
|
|a Includes bibliographical references and index.
|
| 533 |
|
|
|a Electronic reproduction. Ann Arbor, MI : ProQuest, 2015. Available via World Wide Web. Access may be limited to ProQuest affiliated libraries.
|
| 650 |
|
0 |
|a Peace
|x Religious aspects
|x Christianity.
|
| 650 |
|
0 |
|a Just war doctrine.
|
| 655 |
|
4 |
|a Electronic books.
|
| 700 |
1 |
|
|a Justenhoven, Heinz-Gerhard.
|
| 700 |
1 |
|
|a Barbieri, William A.
|
| 710 |
2 |
|
|a ProQuest (Firm)
|
| 830 |
|
0 |
|a Arbeiten zur Kirchengeschichte ;
|v 120.
|
| 856 |
4 |
0 |
|u https://ebookcentral.proquest.com/lib/matrademy/detail.action?docID=894075
|z Click to View
|